000
00366nam a2200133Ia 4500
008
191206s9999 xx 000 0 und d
020
_a
069706560X (pbk.)
090
_a
BF121.L214
245
0
_a
"Psychology, an introduction"
260
_a
Wm. C. Brown Co.
260
_c
cc1983
300
_a
"xxxiv, 676 p. : ill. (some col.) ; 26 cm."
999
_c
16751
_d
16751